<?xml version="1.0" encoding="UTF-8"?>
<record
    xmlns:xsi="http://www.w3.org/2001/XMLSchema-instance"
    xsi:schemaLocation="http://www.loc.gov/MARC21/slim http://www.loc.gov/standards/marcxml/schema/MARC21slim.xsd"
    xmlns="http://www.loc.gov/MARC21/slim">

  <leader>02851nam a2200277 a 4500</leader>
  <controlfield tag="001">000041179</controlfield>
  <controlfield tag="003">DO-SdBNP</controlfield>
  <controlfield tag="005">20250701121839.0</controlfield>
  <controlfield tag="007">ta</controlfield>
  <controlfield tag="008">130705s2007    dr            000 0 spa d</controlfield>
  <datafield tag="040" ind1=" " ind2=" ">
    <subfield code="a">DO-SdBNP</subfield>
    <subfield code="b">spa</subfield>
    <subfield code="c">BNPHU</subfield>
  </datafield>
  <datafield tag="082" ind1=" " ind2=" ">
    <subfield code="2">22</subfield>
    <subfield code="a">378 </subfield>
    <subfield code="b">F727n</subfield>
  </datafield>
  <datafield tag="111" ind1="2" ind2=" ">
    <subfield code="a">Foro Presidencial por la Excelencia de la Educaci&#xF3;n</subfield>
    <subfield code="d">(2007 :</subfield>
    <subfield code="c">Santo Domingo)</subfield>
    <subfield code="9">56821</subfield>
  </datafield>
  <datafield tag="245" ind1="1" ind2="0">
    <subfield code="a">Normativa y requerimientos espaciales para la infraestructura de instituciones de nivel superior :</subfield>
    <subfield code="b">mesas de trabajo de la SEESCYT </subfield>
  </datafield>
  <datafield tag="260" ind1=" " ind2=" ">
    <subfield code="a">Santo Domingo :</subfield>
    <subfield code="b">SEESCyT,</subfield>
    <subfield code="c">2007.</subfield>
  </datafield>
  <datafield tag="300" ind1=" " ind2=" ">
    <subfield code="a">141 p. ;</subfield>
    <subfield code="c">24 cm.</subfield>
  </datafield>
  <datafield tag="490" ind1="1" ind2=" ">
    <subfield code="a">Mesas de trabajo de la SEESCyT</subfield>
  </datafield>
  <datafield tag="505" ind1=" " ind2=" ">
    <subfield code="a">Introducci&#xF3;n 9|Objetivo del documento 10|Aplicaci&#xF3;n 10|EVALUACI&#xD3;N INFRAESTRUCTURA F&#xCD;SICA, PLANTELES DE NIVEL SUPERIOR 11|Evaluaci&#xF3;n quinquenal 11|Inspecciones y supervisiones de infraestructura 11|Planos y documentos constructivos 12|Formulario de preguntas e informaciones t&#xE9;cnicas para la evaluaci&#xF3;n y o sometimiento de proyectos de infraestructura para planteles de nivel superior 13|Tipos de intervenciones que se preveen y documentaci&#xF3;n requerida por tipo de intervenci&#xF3;n 16|ARQUITECTURA E INSTITUCIONES DE NIVEL SUPERIOR 18|Criterios generales de dise&#xF1;o 18|SITUACI&#xD3;N AMBIENTAL DE LA INFRAESTRUCTURA DE EDUCACI&#xD3;N SUPERIOR 21|RECOMENDACIONES GENERALES PARA EL DISE&#xD1;O DE INSTITUCIONES DE NIVEL SUPERIOR 21|Flexibilidad 21|Crecimiento 22|Adaptabilidad 22|Uso del espacio 22|Mantenimiento eficiencia de la edificaci&#xF3;n 23|NORMAS Y REGULACIONES 23|Localizaci&#xF3;n 23|Terrenos, configuraci&#xF3;n 26|Superficie m&#xED;nima requerida de los terrenos 27|Plano de conjunto 27|V&#xED;as de accesos 29|Accesos dentro del conjunto 30|Calzadas, calles y &#xE1;reas de estacionamiento 31|Se&#xF1;alizaci&#xF3;n exterior 32|Verja perimetral 32|Iluminaci&#xF3;n exterior 33|Paisajismo 33|Tama&#xF1;o de los espacios dise&#xF1;o por ocupaci&#xF3;n n&#xFA;mero de usuarios 34|Est&#xE1;ndares m&#xED;nimos por espacio que componen la instituci&#xF3;n de nivel superior 35|CONSIDERACIONES GENERALES 48|Aulas de teor&#xED;a 48|Biblioteca centro de estudio 49|Centro de producci&#xF3;n de medios 51|Sala de inform&#xE1;tica 51|Sala de usos m&#xFA;ltiples o multiuso hasta 50 usuarios 53|Auditorio 53|Cafeter&#xED;a y cocina 54|Laboratorios y talleres 55|Taller de tecnolog&#xED;a b&#xE1;sica 60|Taller de arte o manualidades 60|Sal&#xF3;n de teatro y m&#xFA;sica 61|Servicios estudiantiles 61|AC&#xDA;STICAS 74|ESPECIFICACIONES T&#xC9;CNICAS 81|PROTOCOLO MEDIO-AMBIENTAL 102</subfield>
  </datafield>
  <datafield tag="590" ind1=" " ind2=" ">
    <subfield code="a">Inventariado, 2022 / DG</subfield>
  </datafield>
  <datafield tag="650" ind1=" " ind2="4">
    <subfield code="a">Edificios universitarios</subfield>
    <subfield code="x">Normas</subfield>
    <subfield code="z">Rep&#xFA;blica Dominicana</subfield>
    <subfield code="9">82527</subfield>
  </datafield>
  <datafield tag="650" ind1=" " ind2="4">
    <subfield code="a">Universidades</subfield>
    <subfield code="x">Conferencias, Congresos, etc.</subfield>
    <subfield code="z">Rep&#xFA;blica Dominicana</subfield>
    <subfield code="9">82528</subfield>
  </datafield>
  <datafield tag="710" ind1="1" ind2=" ">
    <subfield code="a">Rep&#xFA;blica Dominicana.</subfield>
    <subfield code="b">Secretar&#xED;a de Estado de Educaci&#xF3;n Superior, Ciencia y Tecnolog&#xED;a</subfield>
    <subfield code="9">18778</subfield>
  </datafield>
  <datafield tag="830" ind1=" " ind2="0">
    <subfield code="a">Mesas de trabajo de la SEESCyT</subfield>
    <subfield code="9">65706</subfield>
  </datafield>
  <datafield tag="910" ind1=" " ind2=" ">
    <subfield code="a">DG</subfield>
  </datafield>
  <datafield tag="942" ind1=" " ind2=" ">
    <subfield code="2">ddc</subfield>
    <subfield code="c">LBS1</subfield>
  </datafield>
  <datafield tag="952" ind1=" " ind2=" ">
    <subfield code="0">0</subfield>
    <subfield code="1">0</subfield>
    <subfield code="2">ddc</subfield>
    <subfield code="5">1</subfield>
    <subfield code="7">0</subfield>
    <subfield code="8">PD</subfield>
    <subfield code="a">BNPHU</subfield>
    <subfield code="b">BNPHU</subfield>
    <subfield code="c">CT</subfield>
    <subfield code="d">2022-10-18</subfield>
    <subfield code="l">0</subfield>
    <subfield code="o">BNPHU PD 378  F727n</subfield>
    <subfield code="p">2022-4368</subfield>
    <subfield code="r">2022-10-18</subfield>
    <subfield code="w">2022-10-18</subfield>
    <subfield code="y">LBS1</subfield>
  </datafield>
  <datafield tag="999" ind1=" " ind2=" ">
    <subfield code="c">52560</subfield>
    <subfield code="d">52560</subfield>
  </datafield>
</record>
